[Event "DEM U10w 2021"]
[Site "Willingen GER"]
[Date "2021.08.28"]
[Round "10"]
[White "Rößler, Helena"]
[Black "Ramakrishnan, Veda"]
[Result "1-0"]
[Termination "normal"]
[Board "9"]
[WhiteElo "1123"]
[BlackElo "1009"]
[WhiteClock "00:41:52"]
[BlackClock "00:30:46"]
[PlyCount "93"]
[WhiteFideId "16266692"]
[BlackFideId "16269519"]
[EventCountry "GER"]
[EventRounds "11"]
[EventType "swiss"]
[EventDate "2021.08.22"]

1. e4 {[%clk 01:15:57]} {[%emt 00:00:03]} e5 {[%clk 01:15:55]} {[%emt
00:00:06]} 2. Nf3 {[%clk 01:16:19]} {[%emt 00:00:07]} Nc6 {[%clk 01:16:18]}
{[%emt 00:00:07]} 3. Bc4 {[%clk 01:16:43]} {[%emt 00:00:06]} Nf6 {[%clk
01:16:41]} {[%emt 00:00:07]} 4. Ng5 {[%clk 01:17:04]} {[%emt 00:00:10]} Nxe4
{[%clk 01:16:58]} {[%emt 00:00:12]} 5. Bxf7+ {[%clk 01:11:15]} {[%emt
00:06:20]} Ke7 {[%clk 01:17:06]} {[%emt 00:00:20]} 6. Nxe4 {[%clk 01:10:25]}
{[%emt 00:01:22]} Kxf7 {[%clk 01:17:27]} {[%emt 00:00:08]} 7. Qf3+ {[%clk
01:10:13]} {[%emt 00:00:41]} Ke8 {[%clk 01:17:48]} {[%emt 00:00:10]} 8. O-O
{[%clk 01:08:09]} {[%emt 00:02:31]} d5 {[%clk 01:17:25]} {[%emt 00:00:56]} 9.
Nec3 {[%clk 01:06:46]} {[%emt 00:01:53]} Nd4 {[%clk 01:16:01]} {[%emt
00:01:55]} 10. Qh5+ {[%clk 01:04:20]} {[%emt 00:02:55]} Ke7 {[%clk 01:11:02]}
{[%emt 00:05:29]} 11. Qxe5+ {[%clk 01:01:49]} {[%emt 00:03:00]} Ne6 {[%clk
01:11:09]} {[%emt 00:00:22]} 12. Nxd5+ {[%clk 00:59:23]} {[%emt 00:02:59]} Kf7
{[%clk 01:11:16]} {[%emt 00:00:21]} 13. Nf4 {[%clk 00:54:42]} {[%emt 00:05:06]}
Bd6 {[%clk 01:09:30]} {[%emt 00:02:22]} 14. Qf5+ {[%clk 00:54:24]} {[%emt
00:00:44]} Ke7 {[%clk 01:09:11]} {[%emt 00:00:46]} 15. Nxe6 {[%clk 00:52:46]}
{[%emt 00:02:15]} Bxe6 {[%clk 01:09:03]} {[%emt 00:00:37]} 16. Qg5+ {[%clk
00:52:45]} {[%emt 00:00:30]} Kf7 {[%clk 01:08:59]} {[%emt 00:00:34]} 17. Qxd8
{[%clk 00:52:47]} {[%emt 00:00:30]} Raxd8 {[%clk 01:09:18]} {[%emt 00:00:11]}
18. d4 {[%clk 00:52:10]} {[%emt 00:01:07]} h5 {[%clk 01:07:58]} {[%emt
00:01:51]} 19. Bg5 {[%clk 00:50:30]} {[%emt 00:02:08]} Rd7 {[%clk 01:07:34]}
{[%emt 00:00:54]} 20. Nc3 {[%clk 00:50:10]} {[%emt 00:00:50]} a6 {[%clk
01:06:54]} {[%emt 00:01:12]} 21. Ne4 {[%clk 00:49:32]} {[%emt 00:01:03]} h4
{[%clk 01:03:35]} {[%emt 00:03:53]} 22. Nxd6+ {[%clk 00:49:35]} {[%emt
00:00:27]} Rxd6 {[%clk 01:03:55]} {[%emt 00:00:10]} 23. Rad1 {[%clk 00:48:47]}
{[%emt 00:01:14]} Rh5 {[%clk 01:02:07]} {[%emt 00:02:21]} 24. Bf4 {[%clk
00:48:40]} {[%emt 00:00:37]} Rc6 {[%clk 01:01:44]} {[%emt 00:00:53]} 25. Rd2
{[%clk 00:48:01]} {[%emt 00:01:11]} Bd5 {[%clk 00:55:10]} {[%emt 00:07:02]} 26.
Re1 {[%clk 00:46:54]} {[%emt 00:01:33]} Rf5 {[%clk 00:52:33]} {[%emt 00:03:12]}
27. Re5 {[%clk 00:46:33]} {[%emt 00:00:44]} Rxf4 {[%clk 00:48:40]} {[%emt
00:04:30]} 28. Rxd5 {[%clk 00:46:33]} {[%emt 00:00:30]} Re4 {[%clk 00:47:04]}
{[%emt 00:02:04]} 29. h3 {[%clk 00:46:23]} {[%emt 00:00:41]} Ke6 {[%clk
00:45:34]} {[%emt 00:02:00]} 30. Rc5 {[%clk 00:45:10]} {[%emt 00:01:44]} Rb6
{[%clk 00:36:56]} {[%emt 00:09:08]} 31. Rxc7 {[%clk 00:44:33]} {[%emt
00:01:08]} Re1+ {[%clk 00:36:33]} {[%emt 00:00:53]} 32. Kh2 {[%clk 00:44:29]}
{[%emt 00:00:25]} Rxb2 {[%clk 00:36:34]} {[%emt 00:00:37]} 33. d5+ {[%clk
00:44:29]} {[%emt 00:00:31]} Kd6 {[%clk 00:36:48]} {[%emt 00:00:15]} 34. Rxg7
{[%clk 00:43:05]} {[%emt 00:01:54]} Rbb1 {[%clk 00:33:21]} {[%emt 00:03:56]}
35. Rg6+ {[%clk 00:43:01]} {[%emt 00:00:35]} Kc5 {[%clk 00:33:36]} {[%emt
00:00:15]} 36. g3 {[%clk 00:43:20]} {[%emt 00:00:11]} Rh1+ {[%clk 00:33:00]}
{[%emt 00:01:06]} 37. Kg2 {[%clk 00:43:37]} {[%emt 00:00:13]} Rbg1+ {[%clk
00:33:19]} {[%emt 00:00:11]} 38. Kf3 {[%clk 00:43:58]} {[%emt 00:00:09]} Rxh3
{[%clk 00:33:36]} {[%emt 00:00:13]} 39. d6 {[%clk 00:43:25]} {[%emt 00:01:03]}
hxg3 {[%clk 00:31:59]} {[%emt 00:02:07]} 40. fxg3 {[%clk 00:43:32]} {[%emt
00:00:23]} Rhh1 {[%clk 00:30:19]} {[%emt 00:02:10]} 41. d7 {[%clk 00:42:19]}
{[%emt 00:01:44]} Rd1 {[%clk 00:30:36]} {[%emt 00:00:12]} 42. d8=Q {[%clk
00:42:39]} {[%emt 00:00:10]} Rhf1+ {[%clk 00:29:49]} {[%emt 00:01:17]} 43. Kg4
{[%clk 00:41:47]} {[%emt 00:01:18]} Rde1 {[%clk 00:30:01]} {[%emt 00:00:23]}
44. Qc7+ {[%clk 00:41:58]} {[%emt 00:00:18]} Kb5 {[%clk 00:30:04]} {[%emt
00:00:26]} 45. Rb6+ {[%clk 00:42:12]} {[%emt 00:00:15]} Ka4 {[%clk 00:30:24]}
{[%emt 00:00:12]} 46. Qc4+ {[%clk 00:41:37]} {[%emt 00:01:04]} Ka5 {[%clk
00:30:46]} {[%emt 00:00:08]} 47. Qb4# {[%clk 00:41:52]} {[%emt 00:00:17]} 1-0

[Event "DEM U10w 2021"]
[Site "Willingen GER"]
[Date "2021.08.28"]
[Round "10"]
[White "Mader, Theresa"]
[Black "Peglau, Lorena"]
[Result "1/2-1/2"]
[Termination "normal"]
[Board "10"]
[WhiteElo "1078"]
[BlackElo "1005"]
[WhiteClock "00:27:13"]
[BlackClock "00:37:27"]
[PlyCount "60"]
[WhiteFideId "34605657"]
[BlackFideId "16290542"]
[EventCountry "GER"]
[EventRounds "11"]
[EventType "swiss"]
[EventDate "2021.08.22"]

1. e4 {[%clk 01:15:58]} {[%emt 00:00:02]} d5 {[%clk 01:15:55]} {[%emt
00:00:06]} 2. Nc3 {[%clk 01:16:06]} {[%emt 00:00:22]} dxe4 {[%clk 01:16:17]}
{[%emt 00:00:08]} 3. Nxe4 {[%clk 01:16:16]} {[%emt 00:00:20]} Bf5 {[%clk
01:16:30]} {[%emt 00:00:17]} 4. Ng3 {[%clk 01:16:29]} {[%emt 00:00:17]} Bg6
{[%clk 01:16:51]} {[%emt 00:00:08]} 5. Bc4 {[%clk 01:16:22]} {[%emt 00:00:37]}
Nf6 {[%clk 01:16:40]} {[%emt 00:00:41]} 6. d3 {[%clk 01:16:11]} {[%emt
00:00:42]} e6 {[%clk 01:16:55]} {[%emt 00:00:15]} 7. Bf4 {[%clk 01:15:44]}
{[%emt 00:00:57]} Bc5 {[%clk 01:16:21]} {[%emt 00:01:03]} 8. Nf3 {[%clk
01:14:44]} {[%emt 00:01:30]} Ng4 {[%clk 01:16:02]} {[%emt 00:00:50]} 9. d4
{[%clk 01:13:23]} {[%emt 00:01:50]} Bd6 {[%clk 01:16:03]} {[%emt 00:00:29]} 10.
Bg5 {[%clk 01:12:01]} {[%emt 00:01:52]} Nf6 {[%clk 01:16:11]} {[%emt 00:00:23]}
11. Ne2 {[%clk 01:10:40]} {[%emt 00:01:51]} h6 {[%clk 01:16:01]} {[%emt
00:00:40]} 12. Bh4 {[%clk 01:09:27]} {[%emt 00:01:42]} Nbd7 {[%clk 01:15:40]}
{[%emt 00:00:52]} 13. c3 {[%clk 01:06:28]} {[%emt 00:03:29]} c5 {[%clk
01:14:05]} {[%emt 00:02:05]} 14. Qd2 {[%clk 01:03:29]} {[%emt 00:03:28]} cxd4
{[%clk 01:10:20]} {[%emt 00:04:15]} 15. Nexd4 {[%clk 01:02:41]} {[%emt
00:01:18]} Bc5 {[%clk 01:07:16]} {[%emt 00:03:35]} 16. h3 {[%clk 00:59:44]}
{[%emt 00:03:27]} Bxd4 {[%clk 01:04:35]} {[%emt 00:03:11]} 17. Nxd4 {[%clk
00:58:38]} {[%emt 00:01:34]} Ne4 {[%clk 01:03:47]} {[%emt 00:01:20]} 18. Qf4
{[%clk 00:57:09]} {[%emt 00:01:57]} Nef6 {[%clk 01:02:27]} {[%emt 00:01:52]}
19. Bb5 {[%clk 00:50:33]} {[%emt 00:07:06]} Nd5 {[%clk 01:02:13]} {[%emt
00:00:44]} 20. Qg4 {[%clk 00:49:47]} {[%emt 00:01:16]} Qc7 {[%clk 00:59:31]}
{[%emt 00:03:09]} 21. Bg3 {[%clk 00:47:22]} {[%emt 00:02:57]} Qc8 {[%clk
00:56:42]} {[%emt 00:03:20]} 22. Qh4 {[%clk 00:44:41]} {[%emt 00:03:10]} Qd8
{[%clk 00:56:31]} {[%emt 00:00:42]} 23. Qg4 {[%clk 00:43:52]} {[%emt 00:01:18]}
Qc8 {[%clk 00:55:17]} {[%emt 00:01:45]} 24. Qh4 {[%clk 00:42:51]} {[%emt
00:01:30]} Ne7 {[%clk 00:54:46]} {[%emt 00:01:02]} 25. Bd6 {[%clk 00:41:29]}
{[%emt 00:01:52]} Qd8 {[%clk 00:48:52]} {[%emt 00:06:24]} 26. Qg4 {[%clk
00:33:48]} {[%emt 00:08:10]} a6 {[%clk 00:48:25]} {[%emt 00:00:58]} 27. Ba4
{[%clk 00:32:39]} {[%emt 00:01:38]} b5 {[%clk 00:48:18]} {[%emt 00:00:37]} 28.
Bd1 {[%clk 00:31:56]} {[%emt 00:01:13]} Nb6 {[%clk 00:46:25]} {[%emt 00:02:24]}
29. Be5 {[%clk 00:30:08]} {[%emt 00:02:17]} Rg8 {[%clk 00:41:40]} {[%emt
00:05:16]} 30. Bg3 {[%clk 00:27:13]} {[%emt 00:03:24]} Nc4 {[%clk 00:37:27]}
{[%emt 00:04:43]} 1/2-1/2

[Event "DEM U10w 2021"]
[Site "Willingen GER"]
[Date "2021.08.28"]
[Round "10"]
[White "Rössling, Laura Marie"]
[Black "Frydel, Helena"]
[Result "0-1"]
[Termination "normal"]
[Board "11"]
[WhiteElo "1094"]
[BlackElo "966"]
[WhiteClock "00:31:32"]
[BlackClock "00:10:58"]
[PlyCount "92"]
[WhiteFideId "16289471"]
[BlackFideId "16266536"]
[EventCountry "GER"]
[EventRounds "11"]
[EventType "swiss"]
[EventDate "2021.08.22"]

1. e4 {[%clk 01:15:59]} {[%emt 00:00:01]} e5 {[%clk 01:15:57]} {[%emt
00:00:03]} 2. Nf3 {[%clk 01:16:24]} {[%emt 00:00:05]} Nf6 {[%clk 01:16:23]}
{[%emt 00:00:04]} 3. Nxe5 {[%clk 01:16:46]} {[%emt 00:00:08]} d6 {[%clk
01:16:47]} {[%emt 00:00:06]} 4. Nxf7 {[%clk 01:16:59]} {[%emt 00:00:16]} Kxf7
{[%clk 01:16:31]} {[%emt 00:00:47]} 5. Bc4+ {[%clk 01:17:21]} {[%emt 00:00:08]}
d5 {[%clk 01:13:49]} {[%emt 00:03:12]} 6. exd5 {[%clk 01:17:37]} {[%emt
00:00:13]} Qe8+ {[%clk 01:13:30]} {[%emt 00:00:49]} 7. Be2 {[%clk 01:16:54]}
{[%emt 00:01:13]} Bd6 {[%clk 01:08:11]} {[%emt 00:05:50]} 8. O-O {[%clk
01:16:54]} {[%emt 00:00:30]} Qe5 {[%clk 01:05:45]} {[%emt 00:02:57]} 9. g3
{[%clk 01:16:45]} {[%emt 00:00:38]} Re8 {[%clk 01:05:17]} {[%emt 00:00:58]} 10.
Nc3 {[%clk 01:07:28]} {[%emt 00:09:47]} Nxd5 {[%clk 00:58:07]} {[%emt
00:07:40]} 11. Bh5+ {[%clk 01:06:29]} {[%emt 00:01:29]} g6 {[%clk 00:57:11]}
{[%emt 00:01:25]} 12. Nxd5 {[%clk 01:04:55]} {[%emt 00:02:04]} Qxh5 {[%clk
00:52:17]} {[%emt 00:05:24]} 13. Qxh5 {[%clk 01:04:54]} {[%emt 00:00:32]} gxh5
{[%clk 00:52:37]} {[%emt 00:00:09]} 14. b3 {[%clk 01:02:27]} {[%emt 00:02:57]}
Bh3 {[%clk 00:52:43]} {[%emt 00:00:25]} 15. Rd1 {[%clk 01:01:56]} {[%emt
00:01:02]} Nc6 {[%clk 00:47:06]} {[%emt 00:06:05]} 16. Bb2 {[%clk 01:01:58]}
{[%emt 00:00:29]} Be5 {[%clk 00:44:18]} {[%emt 00:03:18]} 17. Bxe5 {[%clk
01:00:35]} Rxe5 {[%clk 00:42:50]} {[%emt 00:03:51]} 18. Ne3 {[%clk 00:56:28]}
{[%emt 00:05:18]} Bg4 {[%clk 00:38:12]} {[%emt 00:05:04]} 19. Nxg4 {[%clk
00:54:29]} {[%emt 00:04:32]} hxg4 {[%clk 00:38:33]} {[%emt 00:00:08]} 20. c3
{[%clk 00:54:19]} {[%emt 00:00:40]} Rd8 {[%clk 00:35:20]} {[%emt 00:03:44]} 21.
d4 {[%clk 00:53:46]} {[%emt 00:01:03]} Re2 {[%clk 00:31:24]} {[%emt 00:04:26]}
22. Re1 {[%clk 00:52:40]} {[%emt 00:01:33]} Rxe1+ {[%clk 00:31:14]} {[%emt
00:00:43]} 23. Rxe1 {[%clk 00:51:53]} Re8 {[%clk 00:28:59]} {[%emt 00:04:02]}
24. Rd1 {[%clk 00:48:03]} {[%emt 00:04:19]} h5 {[%clk 00:25:43]} {[%emt
00:03:46]} 25. Rf1 {[%clk 00:47:21]} {[%emt 00:01:13]} Re2 {[%clk 00:24:08]}
{[%emt 00:02:05]} 26. f3 {[%clk 00:46:26]} {[%emt 00:01:24]} Kg6 {[%clk
00:23:03]} {[%emt 00:01:36]} 27. fxg4 {[%clk 00:45:38]} {[%emt 00:01:17]} hxg4
{[%clk 00:21:33]} {[%emt 00:02:00]} 28. Rf4 {[%clk 00:44:44]} {[%emt 00:01:24]}
Kg5 {[%clk 00:18:27]} {[%emt 00:03:36]} 29. a4 {[%clk 00:43:49]} {[%emt
00:01:25]} Rc2 {[%clk 00:16:26]} {[%emt 00:02:31]} 30. d5 {[%clk 00:35:51]}
{[%emt 00:08:28]} Ne5 {[%clk 00:16:34]} {[%emt 00:00:23]} 31. h4+ {[%clk
00:35:27]} {[%emt 00:00:53]} gxh3 {[%clk 00:16:43]} {[%emt 00:00:22]} 32. c4
{[%clk 00:33:36]} {[%emt 00:02:20]} Rg2+ {[%clk 00:15:48]} {[%emt 00:01:26]}
33. Kh1 {[%clk 00:33:13]} {[%emt 00:00:52]} Rxg3 {[%clk 00:15:53]} {[%emt
00:00:26]} 34. Rf2 {[%clk 00:33:24]} {[%emt 00:00:16]} Rxb3 {[%clk 00:14:00]}
{[%emt 00:02:24]} 35. c5 {[%clk 00:33:15]} {[%emt 00:00:40]} Ng4 {[%clk
00:14:09]} {[%emt 00:00:22]} 36. Rf1 {[%clk 00:33:02]} {[%emt 00:00:40]} Rb2
{[%clk 00:10:14]} {[%emt 00:04:28]} 37. Kg1 {[%clk 00:29:49]} {[%emt 00:03:42]}
Rg2+ {[%clk 00:08:59]} {[%emt 00:01:46]} 38. Kh1 {[%clk 00:29:56]} {[%emt
00:00:20]} Nf2+ {[%clk 00:09:23]} {[%emt 00:00:08]} 39. Rxf2 {[%clk 00:30:11]}
{[%emt 00:00:15]} Rxf2 {[%clk 00:09:46]} {[%emt 00:00:07]} 40. Kg1 {[%clk
00:30:33]} {[%emt 00:00:07]} Rg2+ {[%clk 00:10:05]} {[%emt 00:00:13]} 41. Kh1
{[%clk 00:30:52]} {[%emt 00:00:10]} Kg4 {[%clk 00:10:02]} {[%emt 00:00:35]} 42.
d6 {[%clk 00:31:13]} {[%emt 00:00:08]} cxd6 {[%clk 00:10:28]} {[%emt 00:00:04]}
43. cxd6 {[%clk 00:31:18]} {[%emt 00:00:24]} Kg3 {[%clk 00:10:18]} {[%emt
00:02:24]} 44. d7 {[%clk 00:31:35]} {[%emt 00:00:13]} Rd2 {[%clk 00:10:44]}
{[%emt 00:00:05]} 45. d8=Q {[%emt 00:00:52]} Rxd8 {[%clk 00:11:06]} {[%emt
00:00:05]} 46. a5 {[%clk 00:31:32]} {[%emt 00:00:15]} Rd1# {[%clk 00:10:58]}
{[%emt 00:00:07]} 0-1

[Event "DEM U10w 2021"]
[Site "Willingen GER"]
[Date "2021.08.28"]
[Round "10"]
[White "Bacakova, Klara"]
[Black "Heidtkamp, Anna"]
[Result "0-1"]
[Termination "normal"]
[Board "12"]
[WhiteElo "955"]
[BlackElo "1132"]
[WhiteClock "00:08:32"]
[BlackClock "00:30:09"]
[PlyCount "134"]
[WhiteFideId "34605762"]
[BlackFideId "16269012"]
[EventCountry "GER"]
[EventRounds "11"]
[EventType "swiss"]
[EventDate "2021.08.22"]

1. d4 {[%clk 01:15:58]} {[%emt 00:00:01]} d5 {[%clk 01:15:56]} {[%emt
00:00:03]} 2. c4 {[%clk 01:16:15]} {[%emt 00:00:14]} e6 {[%clk 01:16:23]}
{[%emt 00:00:04]} 3. Nc3 {[%clk 01:16:32]} {[%emt 00:00:12]} Nf6 {[%clk
01:16:47]} {[%emt 00:00:05]} 4. Nf3 {[%clk 01:16:47]} {[%emt 00:00:14]} Nbd7
{[%clk 01:17:09]} {[%emt 00:00:09]} 5. Bf4 {[%clk 01:16:25]} {[%emt 00:00:53]}
b6 {[%clk 01:17:23]} {[%emt 00:00:16]} 6. e3 {[%clk 01:16:39]} {[%emt
00:00:15]} Bb7 {[%clk 01:17:43]} {[%emt 00:00:10]} 7. Bd3 {[%clk 01:13:43]}
{[%emt 00:03:27]} Be7 {[%clk 01:17:50]} {[%emt 00:00:22]} 8. O-O {[%clk
01:13:18]} {[%emt 00:00:56]} O-O {[%clk 01:18:15]} {[%emt 00:00:05]} 9. Qc2
{[%clk 01:09:13]} {[%emt 00:04:35]} c5 {[%clk 01:17:55]} {[%emt 00:00:50]} 10.
cxd5 {[%clk 01:05:45]} {[%emt 00:03:58]} exd5 {[%clk 01:18:02]} {[%emt
00:00:22]} 11. h3 {[%clk 00:59:50]} {[%emt 00:06:25]} c4 {[%clk 01:17:20]}
{[%emt 00:01:09]} 12. Be2 {[%clk 00:57:19]} {[%emt 00:03:04]} a6 {[%clk
01:14:02]} {[%emt 00:03:49]} 13. b3 {[%clk 00:52:35]} {[%emt 00:05:14]} b5
{[%clk 01:11:09]} {[%emt 00:03:23]} 14. Rab1 {[%clk 00:48:02]} {[%emt
00:05:03]} b4 {[%clk 01:08:07]} {[%emt 00:03:31]} 15. Nd1 {[%clk 00:42:33]}
{[%emt 00:05:59]} c3 {[%clk 01:06:40]} {[%emt 00:01:58]} 16. Bd3 {[%clk
00:42:46]} {[%emt 00:00:16]} Re8 {[%clk 01:04:29]} {[%emt 00:02:41]} 17. Re1
{[%clk 00:35:57]} {[%emt 00:07:18]} h6 {[%clk 01:01:15]} {[%emt 00:04:34]} 18.
e4 {[%clk 00:33:51]} {[%emt 00:02:37]} dxe4 {[%clk 00:57:00]} {[%emt 00:04:45]}
19. Bxe4 {[%clk 00:33:18]} {[%emt 00:01:04]} Bxe4 {[%clk 00:57:03]} {[%emt
00:00:26]} 20. Rxe4 {[%clk 00:33:08]} {[%emt 00:00:39]} Nxe4 {[%clk 00:57:10]}
{[%emt 00:00:24]} 21. Qxe4 {[%clk 00:32:47]} {[%emt 00:00:49]} Bd6 {[%clk
00:53:55]} {[%emt 00:03:46]} 22. Qf5 {[%clk 00:31:59]} {[%emt 00:01:54]} Bxf4
{[%clk 00:53:39]} {[%emt 00:00:46]} 23. Qxf4 {[%clk 00:32:16]} {[%emt
00:00:12]} Qf6 {[%clk 00:49:44]} {[%emt 00:04:27]} 24. Qc1 {[%clk 00:28:09]}
{[%emt 00:04:36]} Rac8 {[%clk 00:48:18]} {[%emt 00:01:54]} 25. a3 {[%clk
00:27:51]} {[%emt 00:00:51]} a5 {[%clk 00:48:14]} {[%emt 00:00:34]} 26. Ne3
{[%clk 00:22:34]} {[%emt 00:05:47]} bxa3 {[%clk 00:47:14]} {[%emt 00:01:30]}
27. Qxa3 {[%clk 00:18:14]} {[%emt 00:04:50]} Qg6 {[%clk 00:43:20]} {[%emt
00:04:22]} 28. Rc1 {[%clk 00:16:33]} {[%emt 00:02:11]} Qd3 {[%clk 00:38:34]}
{[%emt 00:04:43]} 29. Re1 {[%clk 00:14:54]} {[%emt 00:02:43]} c2 {[%clk
00:35:05]} {[%emt 00:03:59]} 30. Kh1 {[%clk 00:08:52]} {[%emt 00:06:33]} Qc3
{[%clk 00:31:37]} {[%emt 00:03:53]} 31. Rc1 {[%clk 00:06:58]} {[%emt 00:02:27]}
Qb4 {[%clk 00:29:13]} {[%emt 00:02:53]} 32. Qxb4 {[%clk 00:06:35]} {[%emt
00:00:55]} axb4 {[%clk 00:29:34]} {[%emt 00:00:09]} 33. Rxc2 {[%clk 00:06:22]}
{[%emt 00:00:43]} Rxc2 {[%clk 00:29:51]} {[%emt 00:00:14]} 34. Nxc2 {[%clk
00:06:42]} {[%emt 00:00:10]} Rb8 {[%clk 00:29:00]} {[%emt 00:01:20]} 35. Ne5
{[%clk 00:06:44]} {[%emt 00:00:28]} Nxe5 {[%clk 00:29:01]} {[%emt 00:00:30]}
36. dxe5 {[%clk 00:07:04]} {[%emt 00:00:09]} Kf8 {[%clk 00:29:21]} {[%emt
00:00:09]} 37. Kg1 {[%clk 00:06:52]} {[%emt 00:00:42]} Ke7 {[%clk 00:29:44]}
{[%emt 00:00:08]} 38. f4 {[%clk 00:07:09]} {[%emt 00:00:13]} Ke6 {[%clk
00:30:06]} {[%emt 00:00:08]} 39. Kf2 {[%clk 00:07:31]} {[%emt 00:00:08]} Kd5
{[%clk 00:30:02]} {[%emt 00:00:33]} 40. Ke3 {[%clk 00:07:34]} {[%emt 00:00:27]}
g6 {[%clk 00:29:39]} {[%emt 00:00:53]} 41. Kd3 {[%clk 00:07:28]} {[%emt
00:00:36]} h5 {[%clk 00:29:04]} {[%emt 00:01:06]} 42. g4 {[%clk 00:07:34]}
{[%emt 00:00:23]} h4 {[%clk 00:27:36]} {[%emt 00:01:59]} 43. f5 {[%clk
00:05:15]} {[%emt 00:02:49]} gxf5 {[%clk 00:27:01]} {[%emt 00:01:05]} 44. gxf5
{[%clk 00:05:28]} {[%emt 00:00:17]} Kxe5 {[%clk 00:27:04]} {[%emt 00:00:27]}
45. Kc4 {[%clk 00:05:32]} {[%emt 00:00:26]} Rc8+ {[%clk 00:26:04]} {[%emt
00:01:30]} 46. Kd3 {[%clk 00:05:45]} {[%emt 00:00:18]} Rc3+ {[%clk 00:26:28]}
{[%emt 00:00:06]} 47. Kd2 {[%clk 00:05:38]} {[%emt 00:00:36]} Rxb3 {[%clk
00:25:52]} {[%emt 00:01:07]} 48. Ne3 {[%clk 00:03:28]} {[%emt 00:02:40]} Rxe3
{[%clk 00:23:44]} {[%emt 00:02:38]} 49. Kxe3 {[%clk 00:03:45]} {[%emt
00:00:12]} Kxf5 {[%clk 00:24:11]} {[%emt 00:00:04]} 50. Kd3 {[%clk 00:04:05]}
{[%emt 00:00:09]} Kf4 {[%clk 00:24:36]} {[%emt 00:00:05]} 51. Kc4 {[%clk
00:04:28]} {[%emt 00:00:07]} Kg3 {[%clk 00:25:01]} {[%emt 00:00:05]} 52. Kxb4
{[%clk 00:04:50]} {[%emt 00:00:08]} Kxh3 {[%clk 00:25:27]} {[%emt 00:00:05]}
53. Kc3 {[%clk 00:05:07]} {[%emt 00:00:14]} Kg2 {[%clk 00:25:51]} {[%emt
00:00:05]} 54. Kd2 {[%clk 00:05:31]} {[%emt 00:00:06]} h3 {[%clk 00:26:16]}
{[%emt 00:00:05]} 55. Ke3 {[%clk 00:05:52]} {[%emt 00:00:09]} h2 {[%clk
00:26:39]} {[%emt 00:00:07]} 56. Ke4 {[%clk 00:06:12]} {[%emt 00:00:08]} h1=Q
{[%clk 00:27:02]} {[%emt 00:00:08]} 57. Kd4 {[%clk 00:06:21]} {[%emt 00:00:21]}
Qe1 {[%clk 00:27:17]} {[%emt 00:00:15]} 58. Kd5 {[%clk 00:06:43]} {[%emt
00:00:08]} f5 {[%clk 00:27:42]} {[%emt 00:00:06]} 59. Kd4 {[%clk 00:06:54]}
{[%emt 00:00:18]} f4 {[%clk 00:28:07]} {[%emt 00:00:05]} 60. Kd5 {[%clk
00:07:18]} {[%emt 00:00:07]} f3 {[%clk 00:28:30]} {[%emt 00:00:07]} 61. Kd4
{[%clk 00:07:42]} {[%emt 00:00:04]} f2 {[%clk 00:28:47]} {[%emt 00:00:15]} 62.
Kd5 {[%clk 00:08:05]} {[%emt 00:00:07]} f1=Q {[%clk 00:29:04]} {[%emt
00:00:14]} 63. Kd4 {[%clk 00:08:24]} {[%emt 00:00:09]} Qfe2 {[%clk 00:29:11]}
{[%emt 00:00:20]} 64. Kd5 {[%clk 00:07:47]} {[%emt 00:01:10]} Q2d2+ {[%clk
00:29:33]} {[%emt 00:00:09]} 65. Kc4 {[%clk 00:07:58]} {[%emt 00:00:18]} Qec1+
{[%clk 00:29:56]} {[%emt 00:00:07]} 66. Kb3 {[%clk 00:08:16]} {[%emt 00:00:13]}
Qdb2+ {[%clk 00:30:18]} {[%emt 00:00:08]} 67. Ka4 {[%clk 00:08:32]} {[%emt
00:00:13]} Qca1# {[%clk 00:30:09]} {[%emt 00:00:10]} 0-1